000 00581nam a2200217Ia 4500
005 20250508164359.0
008 008 250505s9999 xx 000 0 hin d
020 _a81-7055-739-9
037 _aTextual
040 _aFEDL
_beng
_cFEDL
041 _ahin
_2eng
084 _a891.43, YAD
_qFEDL
100 _aYadav Rajender
245 0 _aKahani : Swaroop aur samvedna
260 _aNew Delhi, India
_bVani Prakashan
_c2007
300 _a239p
365 _aINR
_b225
650 _aHindi literature
942 _cTEXL
_h891.43, YAD
999 _c1388855
_d1388855